| 000 | 00467nam a2200169 a 4500 | ||
|---|---|---|---|
| 005 | 20140310183503.0 | ||
| 008 | 100920s19uu xx 00 eng d | ||
| 020 | _a0451522532 | ||
| 050 |
_aPR 2811 _b.Sh527 1988 |
||
| 100 | _aShakespeare, William | ||
| 245 |
_aThe second part of (KING) Henry IV / _cWilliam Shakespeare. |
||
| 260 |
_aNew York : _bPenguin Corp, _c1988. |
||
| 300 |
_a268 p. : _c18 cm. |
||
| 650 | _aFiction | ||
| 942 |
_cBK _2lcc |
||
| 999 |
_c23969 _d23969 |
||